[Event "TIPC 2017"]
[Site "Roux, Belgium"]
[Date "2017.08.02"]
[Round "6.10"]
[White "Decrop, Benjamin"]
[Black "Hamblok, Roel"]
[Result "1/2-1/2"]
[BlackElo "2305"]
[WhiteElo "2177"]
[LiveChessVersion "1.4.8"]

1. Nf3 Nf6 2. d4 d5 3. e3 c6 4. Bd3 Bg4 5. h3 Bh5 6. b3 Nbd7 7. Bb2 e6 8. O-O Bd6
9. Nbd2 O-O 10. Be2 Qb8 11. Ne1 Bxe2 12. Qxe2 e5 13. dxe5 Bxe5 14. Bxe5 Qxe5 15.
Nef3 Qh5 16. Rfd1 Rfd8 17. Nd4 Qxe2 18. Nxe2 Nc5 19. Nd4 Rd7 20. g4 g6 21. f3 h6
22. Kf2 Re8 23. Rg1 Ne6 24. Nxe6 Rxe6 25. Rad1 Kf8 26. Rge1 c5 27. Nb1 Ke7 28.
Nc3 b6 1/2-1/2

[Event "TIPC 2017"]
[Site "Roux, Belgium"]
[Date "2017.08.02"]
[Round "6.11"]
[White "Le Quang, Kim"]
[Black "Bauduin, Etienne"]
[Result "1-0"]
[BlackElo "2179"]
[WhiteElo "2279"]
[LiveChessVersion "1.4.8"]

1. e4 e6 2. d4 d5 3. Nc3 Nf6 4. e5 Nfd7 5. f4 c5 6. Nf3 Nc6 7. Be3 a6 8. Qd2 b5
9. dxc5 Bxc5 10. Bd3 Qb6 11. Bf2 Bb7 12. a3 Rc8 13. O-O Bxf2+ 14. Rxf2 h6 15. Re1
Ne7 16. b4 O-O 17. Ne2 f6 18. Ned4 fxe5 19. Nxe5 Nxe5 20. Rxe5 Nc6 21. Nxc6 Rxc6
22. Kh1 Rd6 23. Rf3 d4 24. Rg3 Qd8 25. Qe1 Qf6 26. Rg4 Bd5 27. h3 Bc4 28. Qe4
Bxd3 29. cxd3 Qf7 30. Rc5 Kh8 31. Qe5 Rfd8 32. Qe4 Rd5 33. Rc6 R5d6 34. Rc5 Rd5
35. Rxd5 Rxd5 36. Rg6 Rd6 37. f5 1-0

[Event "TIPC 2017"]
[Site "Roux, Belgium"]
[Date "2017.08.02"]
[Round "6.12"]
[White "Tomov, Georgi"]
[Black "Schuermans, Robert"]
[Result "0-1"]
[BlackElo "2172"]
[WhiteElo "2273"]
[LiveChessVersion "1.4.8"]

1. e4 e5 2. Nf3 Nc6 3. Bc4 Nf6 4. d3 Bc5 5. O-O a6 6. a4 O-O 7. h3 h6 8. Nbd2 d6
9. c3 Ba7 10. Re1 Be6 11. b4 Qe7 12. Bxe6 fxe6 13. Nb3 Qf7 14. Be3 Bxe3 15. Rxe3
Nh5 16. g3 d5 17. Ra2 Rad8 18. exd5 Rxd5 19. Qe2 Qf5 20. Nh4 Qg5 21. Nc5 Nf4 22.
Qg4 b6 23. Nxa6 Qe7 24. Nxc7 h5 25. Nxd5 exd5 26. Qd1 Nxh3+ 27. Kg2 Qe6 28. Qxh5
d4 29. Ree2 dxc3 30. Ng6 Rf5 31. Qxh3 Qxg6 32. Re4 Nd4 33. Qh4 Qc6 34. Ra1 c2 35.
Qg4 Rf8 36. Qg5 Ne2 37. b5 Qd5 38. Qxe5 Qxe5 39. Rxe5 c1=Q 40. Rxc1 Nxc1 41. Re6
Rb8 42. Rd6 Ne2 43. Rc6 Nd4 44. Rc4 Rd8 45. a5 bxa5 46. b6 Nb5 47. Rc5 Nd6 48.
Rxa5 Rb8 49. Ra6 Kf7 50. Kf3 Nc8 51. Ke4 Nxb6 52. d4 Re8+ 53. Kd3 Re6 54. Ra7+
Kf6 55. Ra6 Nc8 56. Rxe6+ Kxe6 57. Ke4 Nd6+ 58. Kf4 Nf7 59. d5+ Kxd5 60. Kf5 Nh8
61. f4 Kd6 62. g4 Ke7 63. Ke5 Ng6+ 64. Ke4 Nh4 65. f5 Kf6 66. Kf4 Ng2+ 67. Kg3
Kg5 68. Kf3 Ne1+ 69. Kg3 Nd3 0-1

[Event "TIPC 2017"]
[Site "Roux, Belgium"]
[Date "2017.08.02"]
[Round "6.13"]
[White "Sclacmender, Julien"]
[Black "De Villers, Mourad"]
[Result "1-0"]
[BlackElo "2152"]
[WhiteElo "2261"]
[LiveChessVersion "1.4.8"]

1. e4 c5 2. Nf3 g6 3. d4 cxd4 4. Qxd4 Nf6 5. e5 Nc6 6. Qa4 Nd5 7. Qe4 Nb6 8. Bf4
Bg7 9. Nc3 d5 10. exd6 Bf5 11. Qe3 O-O 12. O-O-O exd6 13. Rxd6 Qc8 14. Bh6 Re8
15. Qd2 Bh8 16. Bb5 Bg4 17. Ng5 a6 18. Bxc6 bxc6 19. Qf4 Bf5 20. Qf3 Nd5 21. g4
Nxc3 22. bxc3 Qc7 23. Rd4 Be6 24. Ne4 Bd5 25. Nf6+ Bxf6 26. Qxf6 Qe5 27. Qxe5
Rxe5 28. Rhd1 Rae8 29. c4 Bf3 30. R1d2 c5 31. Rf4 Bc6 32. Rd6 R5e6 33. Rf6 Rxf6
34. Rxf6 Re6 35. g5 Be4 36. Kd2 Bf5 37. a3 Bh3 38. Rf3 Bf1 39. Rb3 Re8 40. Kc3
Bg2 41. Rb6 Ra8 42. Kb3 Be4 43. c3 Bd3 44. Rc6 Rb8+ 45. Ka4 Bxc4 46. Rxc5 Be6 47.
Ka5 Bf5 48. a4 Bd7 49. Rc7 Rd8 50. c4 Be8 51. c5 Rd4 52. c6 Rd6 53. Rc8 Re6 54.
Kb6 f6 55. gxf6 Kf7 56. Bg7 h5 57. Kb7 g5 58. Rxe8 1-0

[Event "TIPC 2017"]
[Site "Roux, Belgium"]
[Date "2017.08.02"]
[Round "6.14"]
[White "Herman, Jean"]
[Black "Lacroix, Bruno"]
[Result "1/2-1/2"]
[BlackElo "2150"]
[WhiteElo "2239"]
[LiveChessVersion "1.4.8"]

1. d4 Nf6 2. Nf3 g6 3. c4 Bg7 4. Nc3 O-O 5. e4 d6 6. Be2 e5 7. O-O exd4 8. Nxd4
Re8 9. f3 c6 10. Nc2 Na6 11. Qd2 Be6 12. Ne3 Nc7 13. Rd1 d5 14. exd5 cxd5 15.
cxd5 Ncxd5 16. Bb5 Nxe3 17. Qxe3 Bd7 18. Qf2 a6 19. Bxd7 Nxd7 20. Bf4 Bxc3 21.
bxc3 Qe7 22. Rd6 Ne5 23. Rad1 Nc4 24. R6d4 Rac8 25. h4 Qf6 26. Bg5 Qe5 27. Rf4 f5
28. h5 Qe3 29. Rd7 Qxf2+ 30. Kxf2 Ne5 31. Rd2 Rxc3 32. Rfd4 gxh5 33. Kg3 Rc7 34.
Kh4 Rc1 35. Kxh5 Rh1+ 36. Rh4 Rxh4+ 37. Bxh4 Nf7 38. Bf6 Re6 39. Bg5 Kg7 40. Bf4
Re1 41. Kh4 Rb1 1/2-1/2

[Event "TIPC 2017"]
[Site "Roux, Belgium"]
[Date "2017.08.02"]
[Round "6.15"]
[White "Mastalerz, Xavier"]
[Black "Henris, Luc"]
[Result "1/2-1/2"]
[BlackElo "2127"]
[WhiteElo "2252"]
[LiveChessVersion "1.4.8"]

1. Nf3 d6 2. d4 f5 3. g3 Nf6 4. Bg2 e6 5. O-O Be7 6. c4 O-O 7. Nc3 Ne4 8. Qc2
Nxc3 9. bxc3 Nc6 10. e4 e5 11. d5 Na5 12. c5 fxe4 13. Qxe4 Bf5 14. Qa4 b6 15. c6
Qe8 16. Be3 Qh5 17. Nd2 Bg5 18. Bxg5 Qxg5 19. Ne4 Qh5 20. Qd1 Qg6 21. Qe2 a6 22.
Rfe1 1/2-1/2

[Event "TIPC 2017"]
[Site "Roux, Belgium"]
[Date "2017.08.03"]
[Round "7.1"]
[White "Gharamian, Tigran"]
[Black "Kukov, Velislav"]
[Result "1-0"]
[BlackElo "2386"]
[WhiteElo "2616"]
[LiveChessVersion "1.4.8"]

1. e4  g6  2. d4  Bg7
 3. Nf3  c6  4. h3
 d5  5. e5  f6 
6. c4  Nh6  7. exf6  exf6
 8. cxd5  cxd5  9. Nc3
 O-O  10. Qb3  Re8+
 11. Be3  Be6  12. Qxb7
 Nd7  13. Bd3  Nb6
 14. O-O  Nf5  15. Bf4
 Re7  16. Qa6  Nd6
 17. Bxd6  Qxd6  18. Rfe1
 Rb8  19. Re2  Reb7
 20. Na4  Rc7  21. Nc5
 Bf7  22. Rae1  Bf8
 23. b3  Qf4  24. Qa5
 Rbc8  25. Ba6  Rxc5
 26. dxc5  Rxc5  27. Qd2
 Qxd2  28. Nxd2  Ra5
 29. Bd3  Rxa2  30. Nf3
 Ra3  31. Bc2  Nd7
 32. Rd1  Bc5  33. Nd4
 Ne5  34. Kh2  Ra6
 35. f4  Nc6  36. Bd3
 Nxd4  37. Bxa6  Nxe2
 38. Bxe2  Kf8  39. Kg3
 Ke7  40. Kf3  h5
 41. Bb5  Kd6  42. Re1
 Bb4  43. Rc1  Bc5
 44. b4  Bb6  45. Rc6+
 Ke7  46. Rc8  f5
 47. Rc1  Be6  48. g3
 Kf7  49. Ke2  Ke7
 50. Kf3  Kf7  51. Rc2
 Ke7  52. Ke2  Kf7
 53. Kd3  Ke7  54. Re2
 Kf6  55. h4  Bf7
 56. Rc2  Ke7  57. Rc6
 Be6  58. Rxb6  axb6
 59. Kd4  Bd7  60. Bxd7
 Kxd7  61. Kxd5  Kc7
 62. Ke6  Kc6  63. Kf6
 Kb5  64. Kxg6  Kxb4
 65. Kxh5  Kc4  66. Kg5
 b5  67. h5  b4 
68. h6  b3  69. h7  b2
 70. h8=Q  b1=Q  71. Qc8+
 Kd4  72. Qxf5  Qa2
 73. Qe5+  Kd3  74. f5
 Qg8+  75. Kf4  Qc4+
 76. Kf3  Qc6+  77. Kg4
 Qc4+  78. Kh3  Qf7
 79. Qd6+  1-0

[Event "TIPC 2017"]
[Site "Roux, Belgium"]
[Date "2017.08.03"]
[Round "7.2"]
[White "Kveinys, Aloyzas"]
[Black "Dgebuadze, Alexandre"]
[Result "1/2-1/2"]
[BlackElo "2524"]
[WhiteElo "2542"]
[LiveChessVersion "1.4.8"]

1. d4  e6  2. Nf3  Nf6
 3. c4  Bb4+  4. Bd2
 a5  5. g3  b6 
6. Bg2  Bb7  7. O-O  O-O
 8. Nc3  Re8  9. Rc1
 h6  10. Qc2  Bxc3
 11. Bxc3  Be4  12. Qd2
 d6  13. Bh3  Bh7
 14. Bg2  Be4  15. Bh3
 Bh7  16. Bg2  Be4
 1/2-1/2

[Event "TIPC 2017"]
[Site "Roux, Belgium"]
[Date "2017.08.03"]
[Round "7.3"]
[White "Inkiov, Ventzislav"]
[Black "Sochacki, Christophe"]
[Result "0-1"]
[BlackElo "2451"]
[WhiteElo "2459"]
[LiveChessVersion "1.4.8"]

1. e4  e6  2. d4  d5
 3. e5  c5  4. c3
 Nc6  5. Nf3  Qb6
 6. a3  c4  7. Be2
 Bd7  8. O-O  Na5
 9. Nbd2  Ne7  10. Rb1
 Nec6  11. Re1  Be7
 12. Nf1  h6  13. Be3
 Nb3  14. Ng3  O-O-O
 15. Nd2  Nca5  16. Nxb3
 Nxb3  17. Nh5  Rdg8
 18. Bf1  Ba4  19. Qf3
 Bg5  20. Nf4  Na5
 21. Re2  Kb8  22. g3
 Bb3  23. Rbe1  Qc6
 24. Bg2  g6  25. h4
 Bxf4  26. Qxf4  Rh7
 27. Qf6  Qa4  28. Bh3
 g5  29. h5  Bd1 
30. Bg4  Bxe2  31. Rxe2  Qd1+
 32. Kg2  Re8  33. f4
 gxf4  34. Bxf4  Reh8
 35. Bf3  Ka8  36. Rd2
 Qb1  37. Bd1  Qe4+
 38. Kh2  Nc6  39. Bc2
 Qf3  40. Bxh7  Qxh5+
 41. Kg2  Rxh7  42. Rf2
 b5  43. Bd2  Kb7
 44. Rf4  Qd1  45. Rf2
 Kc7  46. Qf3  Qb1
 47. Qh5  Qxb2  48. Bxh6
 Qxa3  49. Rxf7+  Rxf7
 50. Qxf7+  Qe7  51. Qg8
 a5  52. Bf8  Qd7
 53. Bd6+  Kb7  54. g4
 b4  55. cxb4  axb4
 56. g5  b3  57. g6
 b2  58. Qf7  Qxf7
 59. gxf7  b1=Q  60. f8=Q
 Qg6+  61. Kf2  c3
 62. Ba3  c2  63. Qc5
 Qd3  64. Bb2  Qb3
 65. Bc1  Qc4  66. Qxc4
 dxc4  67. Ke3  Kb6
 68. Bb2  c3  69. Bc1
 Nb4  70. d5  exd5
 71. Kd4  Na2  0-1

[Event "TIPC 2017"]
[Site "Roux, Belgium"]
[Date "2017.08.03"]
[Round "7.4"]
[White "Sagar, Shah"]
[Black "Eden, James"]
[Result "1-0"]
[BlackElo "2361"]
[WhiteElo "2391"]
[LiveChessVersion "1.4.8"]

1. Nf3  d5  2. c4  c6
 3. g3  Nf6  4. Bg2
 Bg4  5. Ne5  Bf5
 6. cxd5  cxd5  7. Nc3
 Nbd7  8. Qa4  e6
 9. g4  Bg6  10. h4
 Bc2  11. Nxf7  Qb6
 12. Qxc2  Nxg4  13. Bf3
 Qxf2+  14. Kd1  Nh2
 15. Nxh8  Nxf3  16. Qxh7
 O-O-O  17. Nf7  Qg2
 18. exf3  Qxh1+  19. Kc2
 Nf6  20. Qg6  Rd7
 21. Ne5  Rc7  22. d4
 b5  23. a3  Bd6 
24. Qg3  Qf1  25. Rb1  b4
 26. axb4  Bxb4  27. Nd3
 1-0

[Event "TIPC 2017"]
[Site "Roux, Belgium"]
[Date "2017.08.03"]
[Round "7.5"]
[White "Capone, Nicola"]
[Black "Godart, François"]
[Result "0-1"]
[BlackElo "2411"]
[WhiteElo "2329"]
[LiveChessVersion "1.4.8"]

1. Nf3  d5  2. g3  Nf6
 3. Bg2  e6  4. d4
 Be7  5. O-O  O-O
 6. c4  dxc4  7. Ne5
 Nc6  8. Nxc6  bxc6
 9. Na3  Bxa3  10. bxa3
 Nd5  11. Qa4  Nb6
 12. Qa5  Qxd4  13. Be3
 Qf6  14. Bxc6  Rb8
 15. Bg5  Qg6  16. Be7
 e5  17. Bg2  Re8
 18. Qxe5  Be6  19. Bb4
 Bd5  20. Qxc7  Bxg2
 21. Kxg2  Qe4+  22. Kg1
 Rb7  23. Qc5  Rc8
 24. Rfd1  h6  25. Qd4
 Qxe2  26. Re1  Qf3
 27. Rac1  Rd7  28. Qe5
 Rd5  29. Qe7  a5
 30. Bc3  Na4  31. Qb7
 Qf5  32. Re7  Nc5
 33. Qa7  Ne4  34. Qe3
 Ng5  35. h4  Rd3
 36. Qe2  Nf3+  37. Kg2
 Qg4  38. Qe4  Nxh4+
 39. Kg1  Qg5  40. Rc2
 Nf3+  41. Kg2  Qh5
 42. Re8+  Rxe8  43. Qxe8+
 Kh7  44. Qe4+  f5
 0-1

[Event "TIPC 2017"]
[Site "Roux, Belgium"]
[Date "2017.08.03"]
[Round "7.6"]
[White "Miezis, Normunds"]
[Black "Sclacmender, Julien"]
[Result "1-0"]
[BlackElo "2261"]
[WhiteElo "2447"]
[LiveChessVersion "1.4.8"]

1. c4  e5  2. Nc3  Nf6
 3. g3  d5  4. cxd5
 Nxd5  5. Bg2  Nb6
 6. Nf3  Nc6  7. Rb1
 Be7  8. b4  f6 
9. a3  O-O  10. d3  Be6
 11. Ne4  Ba2  12. Rb2
 Bd5  13. Nc5  Nd4
 14. e4  Bc6  15. Nxd4
 Qxd4  16. Qb3+  Rf7
 17. Be3  Qd8  18. O-O
 Bxc5  19. bxc5  Nd7
 20. f4  Qe7  21. fxe5
 Nxe5  22. h3  b6
 23. d4  Nd7  24. Re1
 Re8  25. Bf2  Ba8
 26. e5  fxe5  27. c6
 Ref8  28. cxd7  Bxg2
 29. Rxe5  1-0

[Event "TIPC 2017"]
[Site "Roux, Belgium"]
[Date "2017.08.03"]
[Round "7.7"]
[White "Fontaine, Quentin"]
[Black "Navrotescu, Andreea-Christiana"]
[Result "0-1"]
[BlackElo "2207"]
[WhiteElo "2329"]
[LiveChessVersion "1.4.8"]

1. e4  e6  2. d4  d5
 3. Nd2  c5  4. exd5
 Qxd5  5. Ngf3  Nf6
 6. Bc4  Qd8  7. O-O
 Nc6  8. Nb3  cxd4
 9. Nbxd4  Nxd4  10. Nxd4
 a6  11. Bb3  Bc5
 12. c3  O-O  13. Be3
 Qc7  14. Bg5  Ne4
 15. Bh4  Qf4  16. g3
 Qh6  17. Qg4  Nd2
 18. Bg5  Qg6  19. Bc2
 f5  20. Rfd1  Bxd4
 21. Rxd2  Bf6  22. Qc4
 Bxg5  23. f4  Be7
 24. Qc7  Qf6  25. Rad1
 a5  26. Ba4  g5 
27. Bb5  Kh8  28. Kh1  Qg7
 29. Re2  Bf6  30. Qd6
 h6  31. Bc4  b5 
32. fxg5  Bb7+  33. Kg1  Rad8
 34. gxf6  Qxf6  35. Rxe6
 Rxd6  36. Rdxd6  Qg5
 37. Bxb5  Be4  38. Kf2
 f4  39. Rxe4  fxg3+
 40. Ke1  g2  0-1

[Event "TIPC 2017"]
[Site "Roux, Belgium"]
[Date "2017.08.03"]
[Round "7.8"]
[White "Schuermans, Robert"]
[Black "Le Quang, Kim"]
[Result "0-1"]
[BlackElo "2279"]
[WhiteElo "2172"]
[LiveChessVersion "1.4.8"]

1. e4  c5  2. Nf3  d6
 3. d4  cxd4  4. Nxd4
 Nf6  5. Nc3  Nc6
 6. Bc4  e6  7. Bb3
 a6  8. Be3  Qc7 
9. Qe2  Na5  10. f4  b5
 11. f5  e5  12. Nf3
 Nxb3  13. axb3  Bb7
 14. Qd3  b4  15. Nd5
 Bxd5  16. exd5  e4
 17. Rxa6  Rxa6  18. Qxa6
 exf3  19. O-O  Be7
 20. Bb6  Qb8  21. Ba7
 Qa8  22. Qb5+  Kf8
 23. Ra1  h5  24. Qc6
 Qxc6  25. dxc6  Bd8
 26. Bd4  Kg8  27. Ra7
 Nd5  28. c4  bxc3
 29. bxc3  Kh7  30. Rxf7
 Bf6  31. Bxf6  Nxf6
 32. c4  Rc8  33. c7
 Kg8  34. Re7  Kf8
 35. Re6  Ne8  36. gxf3
 Rxc7  37. Kf2  Rb7
 38. Re3  Nc7  39. Kg3
 Na6  40. Re6  Rb6
 41. b4  Nc7  42. Rg6
 Rxb4  43. Rxd6  Rxc4
 44. Rd7  h4+  45. Kh3
 Ne8  46. Ra7  Nd6
 47. Ra8+  Kf7  48. Ra7+
 Kg8  49. Ra8+  Kh7
 50. f6  g5  51. Ra6
 Nf7  0-1

[Event "TIPC 2017"]
[Site "Roux, Belgium"]
[Date "2017.08.03"]
[Round "7.9"]
[White "Verstraeten, Rein"]
[Black "Decrop, Benjamin"]
[Result "1/2-1/2"]
[BlackElo "2177"]
[WhiteElo "2316"]
[LiveChessVersion "1.4.8"]

1. Nf3 Nf6 2. c4 e6 3. g3 d5 4. d4 Be7 5. Bg2 O-O 6. Nbd2 c6 7. O-O b6 8. Qc2
Nbd7 9. e4 dxe4 10. Nxe4 Nxe4 11. Qxe4 Bb7 12. Ne5 Nxe5 13. dxe5 Bc5 14. Qe2 Qc7
15. Bg5 Bd4 16. Rfe1 c5 17. Rad1 Bxg2 18. Kxg2 h6 19. Bf4 Qc6+ 20. Kg1 a5 21. b3
a4 22. b4 Rfd8 23. b5 Qc7 24. h4 Bc3 25. Rf1 Rxd1 26. Rxd1 Bd4 27. Qe4 Rd8 28.
Kg2 Rb8 29. Rd3 Qb7 30. Qxb7 Rxb7 31. Be3 Bxe5 32. Rd8+ Kh7 33. Ra8 h5 34. Rxa4
Kg6 35. Kf3 Kf5 36. Ra8 Bc3 37. a4 Rc7 38. Rb8 Ba5 39. Rd8 Ra7 40. Rd6 f6 41. Ke2
1/2-1/2

[Event "TIPC 2017"]
[Site "Roux, Belgium"]
[Date "2017.08.03"]
[Round "7.10"]
[White "Hamblok, Roel"]
[Black "Réal, Thibault"]
[Result "1/2-1/2"]
[BlackElo "2178"]
[WhiteElo "2305"]
[LiveChessVersion "1.4.8"]

1. Nf3 Nf6 2. c4 e6 3. g3 b6 4. Bg2 Bb7 5. O-O Be7 6. b3 O-O 7. Bb2 d6 8. d3 Nbd7
9. e4 c5 10. Qe2 Qc7 11. Nc3 a6 12. Nh4 Ne5 13. f4 Nc6 14. Nf3 Nd7 15. Rae1 Nd4
16. Nxd4 cxd4 17. Nb1 e5 18. Nd2 b5 19. Rc1 b4 20. Nf3 Nc5 21. f5 Qd8 22. Rb1 a5
23. g4 f6 24. h4 h6 25. Bc1 Kf7 26. Rf2 Re8 27. Bf1 Qd7 28. a3 Qc6 29. g5 hxg5
30. hxg5 fxg5 31. axb4 axb4 32. Rg2 g6 33. Bxg5 Bxg5 34. Rxg5 1/2-1/2

[Event "TIPC 2017"]
[Site "Roux, Belgium"]
[Date "2017.08.03"]
[Round "7.11"]
[White "Mokal, Amruta Sunil"]
[Black "Herman, Jean"]
[Result "0-1"]
[BlackElo "2239"]
[WhiteElo "2041"]
[LiveChessVersion "1.4.8"]

1. e4 c5 2. Nf3 Nc6 3. d4 cxd4 4. Nxd4 g6 5. Nc3 Bg7 6. Be3 Nf6 7. Bc4 O-O 8. Bb3
a5 9. O-O a4 10. Nxa4 Nxe4 11. Nb5 Ra6 12. c4 d6 13. Qe2 Nf6 14. Rad1 Bd7 15. c5
Na5 16. cxd6 Nxb3 17. axb3 exd6 18. Bf4 Re8 19. Qd3 Bf5 20. Qf3 Bg4 21. Qxb7 Bxd1
22. Qxa6 Be2 23. Rc1 Nd5 24. Bxd6 Qd7 25. Nb6 Nxb6 26. Qxb6 Bxb2 27. Rc7 Qxb5 28.
Qxb5 Bxb5 29. g3 Bd4 30. Rc2 Re2 31. Rxe2 Bxe2 32. Kg2 f5 33. h3 Kf7 34. f3 Ke6
35. Bf8 Kd5 36. f4 Bc5 37. Bg7 Bd1 38. Be5 Bxb3 39. g4 Ke4 40. Kg3 Be3 41. Bd6
Bd1 42. Bc7 Bf3 43. Bd6 Bd2 44. g5 Be1+ 45. Kh2 Ke3 46. Be5 Be4 0-1

[Event "TIPC 2017"]
[Site "Roux, Belgium"]
[Date "2017.08.03"]
[Round "7.12"]
[White "Lacroix, Bruno"]
[Black "Mastalerz, Xavier"]
[Result "0-1"]
[BlackElo "2252"]
[WhiteElo "2150"]
[LiveChessVersion "1.4.8"]

1. d4 e6 2. Nf3 Nf6 3. Bg5 h6 4. Bh4 b6 5. e3 Be7 6. Bd3 Bb7 7. c4 Ne4 8. Bxe7
Qxe7 9. Nbd2 Nxd2 10. Qxd2 c5 11. Rd1 Bxf3 12. gxf3 cxd4 13. exd4 Nc6 14. Bc2 Rc8
15. b3 O-O 16. O-O d5 17. cxd5 Nb4 18. Be4 Nxd5 19. Rfe1 Rfd8 20. Rc1 Rxc1 21.
Rxc1 Qf6 22. Bxd5 Rxd5 23. Rc8+ Kh7 24. Qd3+ g6 25. Rc7 a5 26. Kf1 Kg7 27. Rc6
Rxd4 0-1

[Event "TIPC 2017"]
[Site "Roux, Belgium"]
[Date "2017.08.03"]
[Round "7.13"]
[White "Hautot, Stéphane"]
[Black "Mitran, Anthony Cristian"]
[Result "1-0"]
[BlackElo "2114"]
[WhiteElo "2379"]
[LiveChessVersion "1.4.8"]

1. e4 e5 2. d4 exd4 3. Nf3 d6 4. Nxd4 Nf6 5. Nc3 Be7 6. Bc4 Nc6 7. O-O O-O 8. Re1
Nd7 9. Nd5 Nb6 10. Nxc6 bxc6 11. Nxe7+ Qxe7 12. Bd3 c5 13. b3 Nd7 14. f4 Bb7 15.
Bb2 Rae8 16. Qd2 Nb6 17. a4 Qd8 18. Rad1 f6 19. a5 Nd7 20. Bc4+ Kh8 21. e5 fxe5
22. fxe5 Nxe5 23. Bxe5 dxe5 24. Qxd8 Rxd8 25. Rxd8 Rxd8 26. Rxe5 g6 27. Rxc5 Rd7
28. Bd3 Rf7 29. a6 Ba8 30. Re5 Bc6 31. b4 Rd7 32. b5 Bd5 33. Be2 Kg7 34. c4 Bf7
35. c5 Kf6 36. Re3 Rd2 37. b6 cxb6 38. cxb6 axb6 39. a7 Bd5 40. Bf3 Ra2 41. Bxd5
Rxa7 42. Re6+ Kg5 43. Rxb6 Kh6 44. Rb7 1-0

[Event "TIPC 2017"]
[Site "Roux, Belgium"]
[Date "2017.08.03"]
[Round "7.14"]
[White "Uhoda, Philippe"]
[Black "Van Mechelen, Jan"]
[Result "1/2-1/2"]
[BlackElo "2247"]
[WhiteElo "2090"]
[LiveChessVersion "1.4.8"]

1. e4 Nf6 2. Nc3 e5 3. Bc4 Bb4 4. a3 Ba5 5. Qf3 c6 6. Nge2 O-O 7. O-O d6 8. h3
Be6 9. d3 Nbd7 10. g4 b5 11. Bxe6 fxe6 12. Qg3 Bb6 13. Kg2 Qe7 14. f4 exf4 15.
Bxf4 e5 16. Be3 Nc5 17. Rf3 Ne6 18. Bxb6 axb6 19. Raf1 g5 20. Rf5 Nd7 21. R1f3
Nf4+ 22. Kf1 Rxf5 23. exf5 d5 24. Qe1 Re8 25. Ng1 Nf6 26. Nce2 h5 27. Rg3 hxg4
28. hxg4 c5 29. Nf3 e4 30. dxe4 Nxe4 31. Nxf4 gxf4 32. Rh3 Ng3+ 33. Rxg3 Qxe1+
34. Nxe1 fxg3 35. Nf3 Re4 36. g5 Rf4 37. Kg2 Rxf5 38. Kxg3 d4 39. Kg4 Rd5 40. Nd2
Kg7 41. Kf4 Kg6 42. Nf3 Rf5+ 43. Ke4 Rxf3 44. Kxf3 Kxg5 45. Ke4 Kg4 46. b4 c4 47.
Kxd4 Kf4 48. Kd5 Ke3 49. Kc6 Kd2 50. Kxb5 c3 51. a4 Kxc2 52. a5 bxa5 53. bxa5 Kd3
54. a6 c2 55. a7 c1=Q 56. a8=Q Qc4+ 1/2-1/2

[Event "TIPC 2017"]
[Site "Roux, Belgium"]
[Date "2017.08.03"]
[Round "7.15"]
[White "Vesin, Jean-Robert"]
[Black "Gilles, Jean-Claude"]
[Result "1-0"]
[BlackElo "2050"]
[WhiteElo "2237"]
[LiveChessVersion "1.4.8"]

1. e4 c5 2. Nf3 Nc6 3. Bb5 e6 4. O-O Nge7 5. Re1 Qb6 6. a4 a6 7. Bc4 Ng6 8. d3
Be7 9. c3 O-O 10. d4 d6 11. b3 cxd4 12. cxd4 Nb4 13. Nc3 Rd8 14. d5 Bf6 15. Be3
Qc7 16. Qd2 exd5 17. exd5 Bxc3 18. Qxc3 Nxd5 19. Qd2 Nxe3 20. Rxe3 d5 21. Bd3 Qb6
22. Rae1 Bd7 23. h4 h6 24. h5 Nf4 25. Bc2 Nxh5 26. Ne5 Be8 27. Ng4 Nf6 28. Nxh6+
Kf8 29. Nf5 Ne4 30. Rh3 f6 31. Qe2 Bc6 32. Bxe4 dxe4 33. Rh8+ Kf7 34. Qh5+ g6 35.
Rh7+ 1-0

[Event "TIPC 2017"]
[Site "Roux, Belgium"]
[Date "2017.08.04"]
[Round "8.1"]
[White "Sagar, Shah"]
[Black "Gharamian, Tigran"]
[Result "1/2-1/2"]
[BlackElo "2616"]
[WhiteElo "2391"]
[LiveChessVersion "1.4.8"]

1. Nf3  g6  2. d4  Nf6
 3. g3  Bg7  4. Bg2
 c5  5. c4  O-O 
6. O-O  cxd4  7. Nxd4  d5
 8. cxd5  Nxd5  9. Nc3
 Nxc3  10. bxc3  Qc7
 11. Qb3  Nc6  12. Nxc6
 bxc6  13. Bf4  e5
 14. Be3  Be6  15. Qa4
 Bd5  16. Rab1  Rfb8
 17. c4  Bxg2  18. Kxg2
 Bf8  19. Rfd1  a5
 20. c5  Rxb1  21. Rxb1
 Qd7  22. Qc4  a4
 23. Rb6  Qd5+  24. Qxd5
 cxd5  25. c6  Rc8
 26. Ra6  f6  27. Bd2
 1/2-1/2

[Event "TIPC 2017"]
[Site "Roux, Belgium"]
[Date "2017.08.04"]
[Round "8.2"]
[White "Dgebuadze, Alexandre"]
[Black "Godart, François"]
[Result "1-0"]
[BlackElo "2411"]
[WhiteElo "2524"]
[LiveChessVersion "1.4.8"]

1. c4  e6  2. Nf3  d5
 3. e3  Nf6  4. Nc3
 c6  5. b3  Nbd7 
6. Bb2  Bd6  7. Qc2  O-O
 8. Be2  dxc4  9. bxc4
 e5  10. O-O  Re8
 11. Ng5  Nc5  12. Rad1
 e4  13. f3  Ng4 
14. f4  Nxh2  15. Ncxe4  Nxe4
 16. Nxe4  Nxf1  17. Ng5
 g6  18. Rxf1  Bb4
 19. Bd3  Bg4  20. Ba1
 Be7  21. Qc3  f6
 22. c5  Rf8  23. Bc4+
 Kh8  24. Nf7+  Rxf7
 25. Bxf7  Kg7  26. Bb3
 Be2  27. Rc1  Bd3
 28. Be6  Be4  29. Qb4
 Qd3  30. Bc4  Qd7
 31. Bf1  Bd5  32. Qa4
 Qe6  33. Rb1  Bxc5
 34. Rxb7+  Kg8  35. Bd4
 Bxd4  36. Qxd4  Bxa2
 37. f5  Qxf5  38. Bc4+
 Bxc4  39. Qxc4+  Qd5
 40. Qh4  Qh5  41. Qxf6
 Qd1+  42. Kf2  Qh5 43. Kg1 Qh6
44. Qxc6 1-0

[Event "TIPC 2017"]
[Site "Roux, Belgium"]
[Date "2017.08.04"]
[Round "8.3"]
[White "Sochacki, Christophe"]
[Black "Kveinys, Aloyzas"]
[Result "1/2-1/2"]
[BlackElo "2542"]
[WhiteElo "2451"]
[LiveChessVersion "1.4.8"]

1. b3  g6  2. Bb2  Nf6
 3. g3  Bg7  4. Bg2
 O-O  5. c4  d6 
6. d4  Nbd7  7. Nf3  e5
 8. dxe5  dxe5  9. O-O
 e4  10. Nd4  Re8
 11. Nc2  Nc5  12. Nc3
 a5  13. Qxd8  Rxd8
 14. Rad1  Be6  15. Ba3
 Bf8  16. Bxc5  Bxc5
 17. Nxe4  Nxe4  18. Bxe4
 c6  19. Kg2  f5 
20. Rxd8+  Rxd8  21. Bd3  Kg7
 22. Rb1  Kf6  23. a3
 Ra8  24. h4  h5 
25. Kf1  Bd6  26. e3  Bf7
 27. Ke2  Be6  28. Kd2
 Rd8  29. b4  axb4
 30. axb4  Ra8  31. c5
 Bc7  32. Ra1  Rxa1
 33. Nxa1  b6  34. cxb6
 Bxb6  35. Kc3  c5
 36. Bc4  cxb4+  37. Kxb4
 Bd7  38. Nb3  g5
 39. hxg5+  Kxg5  40. Nd4
 Kg4  41. Bd5  h4
 42. gxh4  Kxh4  43. Nf3+
 Kh5  44. Ne5  Be8
 45. Nc4  Ba7  46. f4
 Kg4  47. Kc3  Bxe3
 48. Nxe3+  Kxf4  49. Kd4
 Ke5+ 50. Ke4+ 1/2-1/2

[Event "TIPC 2017"]
[Site "Roux, Belgium"]
[Date "2017.08.04"]
[Round "8.4"]
[White "Le Quang, Kim"]
[Black "Miezis, Normunds"]
[Result "1-0"]
[BlackElo "2447"]
[WhiteElo "2279"]
[LiveChessVersion "1.4.8"]

1. e4  c5  2. Nf3  e6
 3. d4  cxd4  4. Nxd4
 a6  5. Nc3  Qc7 
6. g3  Bb4  7. Bd2  Nf6
 8. Bg2  Nc6  9. Nb3
 Be7  10. O-O  d6
 11. f4  h5  12. h3
 b5  13. a3  Bb7 
14. Qe2  Nd7  15. Rad1  Nc5
 16. Be3  Nxb3  17. cxb3
 Na5  18. Rc1  Qd7
 19. Qd1  Rc8  20. Kh2
 h4  21. g4  Nc6 
22. g5  g6  23. b4  Nd8
 24. Qg4  Rh7  25. Rfd1
 Rh5  26. Bf3  Rh7
 27. Qg2  Ba8  28. Rc2
 Qb7  29. Rdc1  Qb8
 30. Kg1  Bb7  31. Qe2
 Kf8  32. Bg2  Rh5
 33. Qg4  Rh8  34. f5
 gxf5  35. exf5  Rc4
 36. Ne4  Bxe4  37. Bxe4
 d5  38. Rxc4  bxc4
 39. f6  dxe4  40. fxe7+
 Kxe7  41. Rxc4  Nb7
 42. Bf4  Nd6  43. Rd4
 Rd8  44. Be5  Qb6
 45. Bf6+  Kd7  46. Qxe4
 Rc8  47. Kg2  Ke8
 48. Qh7  Qc6+  49. Kf2
 Qc2+  50. Qxc2  Rxc2+
 51. Kf3  Nb7  52. Rxh4
 Kd7  53. Rh7  Nd6
 54. g6  e5  55. Bxe5
 Nc4  56. Bc3  Ke8
 1-0